Somewhere in the Middle (Holiday) Quiz Stats

 Plays Quiz Updated Dec 14, 2017

Challenge
Share
Tweet
Embed
Score 0/20 Timer 01:30
22 Plays Today
% Correct
Egg
96.1%
Year's
95.9%
New
95.9%
Bell
95.8%
Leaf
95.5%
Gras
94.9%
Drummer
94.3%
De
94%
Bowl
93.5%
Plum
93.4%
% Correct
Potato
93.3%
Shaped
93.1%
Hallows'
90.8%
Lou
90.2%
Lang
90.2%
Dog
90.2%
Fawkes
89.4%
Island
88.4%
Crazy
88.3%
Bank
82%

You're not logged in!

Compare scores with friends on all Sporcle quizzes.
Join for Free
OR
Log In

You Might Also Like...

Show Comments

Extras

Top Quizzes Today


Score Distribution

Your Account Isn't Verified!

In order to create a playlist on Sporcle, you need to verify the email address you used during registration. Go to your Sporcle Settings to finish the process.

Report this User

Report this user for behavior that violates our Community Guidelines.

Details: